01220nam a22001577a 4500003000900000005001700009008004100026040001300067100001800080245006300098250000800161260002500169300002000194490002400214520082400238IT-RoPau20220918175938.0130124b xxu||||| |||| 00| 0 eng d cIT-RoPau aMerlo , Tecla aConferenze Prima Maestra TeclabMarzo 1957 - Dicembre 1960 aIII aRomabTip. FSPc1966 a183 p.c14,5 cm aEdizioni PaolinevI aIndice La Povertà Le penitenze delle Figlie di San Paolo: osservanza delle Costituzioni Essere contente Lettura dei libri del Primo Maestro - carità vicendevole Convivenza serena nella vita comune Esortazione alle varie virtù religiose Amore a DIo e alle anime Uniformità alla volontà di Dio - Prud- denza nel parlare Spirito miissionario La carità Imitare S. Paolo nel fervore - Amo- re alle anime Sentire l'apostolato per le anime Il Paradiso Fervore e osservanza religiosa La povertà Docilità - Portare la croce L'umiltà Pietà e docilità La pietà paolina Pensieri di conclusione, corso straor- dinario esercizi spirituali L'Obbedienza Breve saluto alla Comunità di Roma Ultimo saluto alla Comunità di Roma Ultime parole che si sono potute re- gistrare